| 000 | 00642nam a2200241 a 4500 | ||
|---|---|---|---|
| 001 | 0001-1103 | ||
| 003 | ELIB.Books | ||
| 008 | 150122 2010 eng | ||
| 020 | _a0814610234 | ||
| 035 | _a(ELIB.Books)0001-1258 | ||
| 092 |
_a264.01 _bDei |
||
| 100 | _aDeiss, Lucien. | ||
| 245 |
_aSpringtime of the Liturgy _bLiturgical Tests of the First Four Centuries |
||
| 260 |
_aCollegeville _bThe Liturgical Press _c1979 |
||
| 300 |
_a307 _c24 |
||
| 500 | _aLibrary | ||
| 650 | _aLiturgies | ||
| 856 |
_nKBTS; Library _uKBTS; Elib. |
||
| 942 |
_2ddc _cBK |
||
| 990 | _a1 | ||
| 998 |
_cbat _e2015-01-22 |
||
| 999 |
_c11103 _d11103 |
||